Statistics for Combined Song Titles

Click here to take the quiz!

General Stats

  • This quiz has been taken 36,225 times
  • The average score is 17 of 24

Answer Stats

Answer % Correct
Proud to be an {American} Idiot
95%
Hotel {California} Girls
93%
Born to be {Wild} Horses
91%
Uptown {Girl} on Fire
88%
Friday I'm in {Love} the Way You Lie
88%
Da Ya Think I'm {Sexy} And I Know It
86%
Jingle Bell {Rock} With You
84%
Sweet Georgia {Brown} Eyed Girl
84%
My Boyfriend's {Back} in Black
81%
Call Me {Maybe} I'm Amazed
75%
Beauty and a {Beat} It
71%
I Will Possess Your {Heart} of Gold
71%
Silent {Night} Moves
71%
Welcome to the {Jungle} Boogie
69%
It's My {Party} in the U.S.A.
67%
Werewolves of {London} Calling
64%
Suck My {Kiss} From a Rose
63%
This is Why I'm {Hot} For Teacher
63%
Psycho {Killer} Queen
62%
Three Times a {Lady} Madonna
62%
Let's Go {Crazy} in Love
60%
Electric {Feel} Good, Inc.
57%
Safety {Dance} With My Father
54%
Good Day {Sunshine} of Your Love
36%

Score Distribution

Percentile by Number Answered

Percent of People with Each Score

Your Score History

You have not taken this quiz